000
00298nam a22001097a 4500
082
_a
621.48 MOD'M
100
_a
BIEHL, ARTHUR T,MILLS, MARH M
_9
58672
245
_a
MODERN NUCLEAR TECHNOLOGY A SUVEY FOR INDUSTRY AND BUSINESS
260
_a
NEWYORK
_b
MCGRAW HILL
_c
1960
300
_a
336P
942
_c
BK
999
_c
568816
_d
568816